Architectural Supermodels : Phisical Design Simulation /

En esta obra se desarrolla el tema de fabricación de maquetas en arquitectura y su utilidad para la representación de grandes proyectos, a lo largo de la historia, para luego ubicarse en el desarrollo de modelos arquitectónicos con la ayuda de programas de cómputo.

Uloženo v:
Podrobná bibliografie
Hlavní autor: Porter, Tom (autor)
Další autoři: Neale, John (autor) (autor)
Médium: Kniha
Jazyk:angličtina
Vydáno: Oxford, Inglaterra : Architectural Press, 2000, c2000
Témata:
Tagy: Přidat tag
Žádné tagy, Buďte první, kdo vytvoří štítek k tomuto záznamu!

MARC

LEADER 00000nam^a2200000^a^4500
001 000133687
005 20250521000000.0
009 20260310095139.936
020 |a 0-7506-4928-3 
037 |a Acervo ITESO - Biblioteca 
041 |a ING 
082 |a 720. 285  |b POR 
100 |a Porter, Tom  |e (autor) 
245 1 0 |a Architectural Supermodels :  |b Phisical Design Simulation /  |c T. Porter, J. Neale. 
264 4 |a Oxford, Inglaterra :  |b Architectural Press,  |c 2000, c2000 
300 |a 186 p. 
336 |a texto  |b txt  |2 rdacontenido 
337 |a sin mediación  |b n  |2 rdamedio 
338 |a volumen  |b nc  |2 rdasoporte 
520 |a En esta obra se desarrolla el tema de fabricación de maquetas en arquitectura y su utilidad para la representación de grandes proyectos, a lo largo de la historia, para luego ubicarse en el desarrollo de modelos arquitectónicos con la ayuda de programas de cómputo. 
649 |a XX 
650 |a Maquetas 
650 |a Escala Arquitectónica 
650 |a Representación Arquitectónica 
650 |a Planos Arquitectónicos -  |x Alzados 
650 |a Planos Arquitectónicos 
650 |a Dibujo Arquitectónico 
650 |a Diseño Asistido por Computadora 
650 |a Métodos Gráficos 
650 |a Arquitectura 
700 |a Neale, John  |e (autor) 
910 |a Fondo General 
920 |a Impresos - Libros 
930 |a Colección General 
905 |a 101 
901 |a 0500062836  |b IT1  |c ACC  |u 20250521 
901 |a 0500103794  |b IT1  |c ACC  |u 20250521 
902 |a https://opac.biblio.iteso.mx/vufind/Record/000133687